|
|
|
|
| LEADER |
00000cam a2200000 a 4500 |
| 001 |
41240 |
| 005 |
20230308154831.0 |
| 008 |
974010|1966 ||||||||r|||||||||||spa|| |
| 040 |
|
|
|b spa
|
| 041 |
1 |
|
|a spa
|
| 082 |
0 |
|
|a 371.3
|
| 100 |
1 |
|
|a Schmieder, A. y J.
|9 7482
|
| 245 |
1 |
1 |
|a Didáctica general
|c A. y J. Schmieder. Traductor S. Duñaiturria
|h imp
|
| 264 |
|
|
|a Buenos Aires
|b Losada
|c 1966
|
| 300 |
|
|
|a 165 páginas:
|c 19 cm
|
| 500 |
|
|
|a PDF, contiene índice e introducción
|
| 504 |
|
|
|a incl. ref.
|
| 650 |
|
0 |
|a Didáctica
|9 195
|
| 852 |
|
|
|a UC-CDJBV
|c ESTANTERIA CERRADA
|f Compra
|k margarita.gutierrez
|l 1
|m General
|p 19740108
|q 48,00
|r 2
|t 41240
|b 0
|d CDRC
|e CDRC
|g 371.3 ESTANTERIA CERRADA
|u http://nas.ucuenca.edu.ec/BibliotecaDigital/ebooks/librosyrev/41240.pdf
|z 1974-40-10
|
| 856 |
|
|
|u http://nas.ucuenca.edu.ec/BibliotecaDigital/ebooks/librosyrev/41240.pdf
|
| 942 |
|
|
|c BK
|0 1
|
| 999 |
|
|
|c 3416
|d 3416
|